| 000 | 00000nam##2200000za#4500 |
| 001 | 9.571831 |
| 003 | CaOODSP |
| 005 | 20210624182923 |
| 007 | cr ||||||||||| |
| 008 | 150406|1995||||xxc|||||o f|0| 0 eng|d |
| 040 | |aCaOODSP|beng |
| 043 | |an-cn--- |
| 086 | 1 |aC2-280/7-1995E-PDF |
| 110 | 1 |aCanada. |bIndustry Canada. |
| 245 | 10|aDirectors' liability|h[electronic resource] |
| 260 | |aOttawa - Ontario : |bIndustry Canada |cNovember 1995. |
| 300 | |a71p.|breferences |
| 490 | 1 |aCanada Business Corporations Act |
| 500 | |a"The following issues are examined with respect to improving the fairness and predictability of directors' liabilities under the CBCA: liabilities; defence mechanisms; indemnification; directors' and officers' liability insurance; cap on the liability of directors; and duties of the board of directors."--Executive summary. |
| 520 | 3 |aThe following issues are examined with respect to improving the fairness and predictability of directors' liabilities under the CBCA: liabilities; defence mechanisms; indemnification; directors' and officers' liability insurance; cap on the liability of directors; and duties of the board of directors.--Executive summary |
| 590 | |a11-24-Supp|b2011-10-24 |
| 690 | 07|aCorporations|2gcpds |
| 776 | 0#|tDirectors' liability|w(CaOODSP)9.612906 |
| 830 | #0|aCanada Business Corporations Act.|w(CaOODSP)9.506499 |
| 856 | 40|ahttp://publications.gc.ca|qPDF|s199 KB|uhttps://publications.gc.ca/collections/Collection/C2-280-7-1995E.pdf |